zpět

Detail výsledku týmu

Záložna ST, Pardubice

Datum a čas kvízu

32 Celkem bodů Celkový počet nahraných bodů na tomto kvízu bez doplňovacích otázek.
11. Pořadí na kvízu Konečné umístění týmu na tomto kvízu.

Zaznamenané odpovědi

# Otázka Odpověď Body Výsledky
1. Praha plánuje přejmenovat námě... Boris Němcov 0
2. Když policejní oddělení v Seve... Sauron 1
3. V Praze se minulý týden konal... Comic Con 1
4. Svět mobilních telefonů minulý... Blackberry 0
5. Letošní 54. Super Bowl, neboli... Kansas City Chiefs, San Francisco 49ers 1
6. Další díl naší cesty kolem svě... Ohio, Oklahoma, Oregon 0.5
7. Tento americký generál a indiá... George Custer, Sedící býk (Sitting Bull) 1
8. Fakt, že se ve Spojených státe... 1B 2A 3C 4D 1
9. Která řeka "vyřezala" do kraji... A 0
10. Ze Spojených států pochází nep... Katy Perry 1